Most Important Musicians in History - Statistics

General Stats
  • This quiz has been taken 212 times
  • The average score is 31 of 100
Answer Stats
# A Song Musician % Correct
1 Billie Jean Michael Jackson
96%
2 Jailhouse Rock Elvis Presley
92%
8 In Da Club 50 cent
88%
3 Imagine John Lennon
87%
5 Wrecking Ball Miley Cyrus
82%
58 Rocket Man Elton John
81%
12 Shape of You Ed Sheeran
77%
4 Halo Beyoncé
71%
89 Gangnam Style Psy
70%
94 Roar Katy Perry
68%
27 Piano Man Billy Joel
67%
22 Happy Pharrell Williams
65%
95 Hello Adele
64%
96 Shake It Off Taylor Swift
63%
30 Another One Bites The Dust Freddy Mercury
62%
14 5th Ludwig van Beethoven
62%
75 Fly Me To The Moon Frank Sinatra
60%
35 What A Wonderful World Louis Armstrong
60%
13 Die Zauberflöte Wolfgang Amadeus Mozart
60%
90 Sorry Justin Bieber
57%
36 thank u, next Ariana Grande
56%
65 Respect Aretha Franklin
54%
47 God's Plan Drake
50%
53 Heroes David Bowie
49%
15 BWV 988 Aria Johann Sebastian Bach
48%
26 Country Roads John Denver
48%
24 Three Little Birds Bob Marley
46%
25 Englishman In New York Sting
46%
79 The Four Seasons Antonio Vivaldi
45%
23 Blowing In The Wind Bob Dylan
45%
10 Despacito Luis Fonsi
45%
91 CAN'T STOP THE FEELING! Justin Timberlake
44%
66 Nothing Compares 2 U Sinead O'Connor
44%
63 Wake Me Up Avicii
43%
20 Hit The Road Jack Ray Charles
43%
77 99 Luftballons Nena
40%
29 You Can Call Me Al Paul Simon
39%
85 Swan Lake Pyotr Ilyich Tchaikovsky
38%
18 Hallelujah Leonhard Cohen
37%
31 Maybe I'm Amazed Paul McCartney
37%
74 Stronger Kanye West
34%
88 See You Again Wiz Khalifa
33%
68 Can't Get You out of My Head Kylie Minogue
32%
62 Treat You Better Shawn Mendes
32%
7 Numb / Encore Jay-Z
30%
93 Let Her Go Passenger
30%
86 Die Walküre Richard Wagner
30%
16 Nocturne No.2 In E Flat Frédéric Chopin
27%
57 Heart of Gold Neil Young
26%
6 Lucky You Eminem
24%
81 Boléro Maurice Ravel
23%
56 Riptide Vance Joy
23%
19 Happy Birthday Stevie Wonder
22%
50 The Entertainer Scott Joplin
20%
40 Young, Wild & Free Snoop Dogg
20%
33 Shotgun George Ezra
19%
37 Another Love Tom Odell
19%
28 Bright Eyes Art Garfunkel
18%
84 Peer Gynt Suite Edvard Grieg
18%
73 In the Mood Glenn Miller
18%
82 An der schönen blauen Donau Johann Strauß II
17%
98 Chantaje Shakira
17%
42 Ex's & Oh's Ella King
16%
41 I Like It Cardi B
15%
100 Get Up Offa That Thing James Brown
15%
43 Tilidin Capital Bra
13%
45 Der Kommissar Falco
13%
38 Thank You Dido
12%
17 Liebestraum, S541/R211 Franz Liszt
12%
97 Mi Gente J Balvin
12%
60 I Like Me Better Lauv
12%
52 Dani California Anthony Kiedis
11%
51 Murder On My mind YNW Melly
11%
34 So What Miles Davis
10%
21 Soul Bossa Nova Quincy Jones
10%
99 FEFE 6ix9ine
9%
87 Con Te Partirò Andrea Bocelli
9%
54 She Elvis Costello
9%
49 All Girls Are The Same Juice WRLD
9%
83 Pictures at an Exhibition Modest Mussorgsky
8%
55 The Riddle Nik Kershaw
8%
78 Atemlos durch die Nacht Helene Fischer
7%
9 Toy Netta
7%
80 Má vlast Bedřich Smetana
6%
92 Flames David Guetta
5%
70 Arcade Duncan Laurence
4%
67 Bongo Bong Manu Chao
4%
46 Tausend Tattoos Sido
4%
61 Dance To This Troye Sivan
4%
11 La Cosa Mas Bella Eros Ramazotti
3%
69 Personal HRVY
3%
59 Over the Rainbow Israel Kamakawiwoʻole
3%
32 Hate It When You Leave Keith Richards
3%
48 Avirex RIN
3%
76 Wieder Lila Samra
3%
64 Agua De Beber Astrud Gilberto
2%
44 Hey Baby DJ Ötzi
2%
39 Nobody Knows Russ
2%
72 Everyday Robots Damon Albarn
1%
71 Tri Poloski Davay
1%
No matching quizzes found
Score Distribution
Percent of People with Each Score
Percentile by Number Answered
Your Score History
You have not taken this quiz